[Event "Oranje 3-Dresdner Springer"]
[Site "Radebeul"]
[Date "2016.06.27"]
[Round "2.4"]
[White "Montsma, Foppe-Jan"]
[Black "Schwier, Gerd"]
[Result "1-0"]
[WhiteElo "1825"]
[BlackElo "1864"]
[Annotator "2.15.4"]
[PlyCount "74"]
[EventDate "2016.06.27"]
[WhiteTeam "Oranje 3"]
[BlackTeam "Dresdner Springer"]
[WhiteTeamCountry "NED"]
[BlackTeamCountry "GER"]

1. e4 e6 2. d3 d5 3. Nd2 Nf6 4. Ngf3 Be7 5. g3 O-O 6. Bg2 c6 7. O-O Nbd7 8. e5
Ng4 9. d4 Nh6 10. Re1 Kh8 11. Nf1 Nf5 12. Bh3 g6 13. Bf4 g5 14. Bd2 Rg8 15. g4
Ng7 16. Qc1 h6 17. Bg2 Nf8 18. c4 Ng6 19. b4 Qf8 20. c5 Bd7 21. Rb1 b5 22. Rb3
Bd8 23. Ra3 a6 24. Nxg5 h5 25. gxh5 Nh4 26. Ng3 Nxg2 27. Kxg2 Nf5 28. Nxf5 exf5
29. Rg3 f4 30. Bxf4 Bf5 31. e6 Bxg5 32. Rxg5 f6 33. Rg3 Qe8 34. h3 Qxh5 35. Qd1
Be4+ 36. f3 Bf5 37. Qe2 Rxg3+ 1-0

[Event "Sachsen-Anhalt-SV Dresden-Striesen 1990"]
[Site "Radebeul"]
[Date "2016.06.27"]
[Round "2.4"]
[White "Ruemmler, Roland"]
[Black "Niese, Dieter"]
[Result "1/2-1/2"]
[WhiteElo "1952"]
[BlackElo "1811"]
[Annotator "2.16.4"]
[PlyCount "46"]
[EventDate "2016.06.27"]
[WhiteTeam "Sachsen-Anhalt"]
[BlackTeam "SV Dresden-Striesen 1990 e.V."]
[WhiteTeamCountry "GER"]
[BlackTeamCountry "GER"]

1. d4 Nf6 2. Nf3 e6 3. g3 d5 4. Bg2 c5 5. e3 Nc6 6. O-O Be7 7. b3 O-O 8. Bb2
Qc7 9. Nbd2 b6 10. a3 Bb7 11. c4 Rad8 12. Qc2 Qb8 13. Rac1 Rc8 14. Rfd1 Rfd8
15. Qb1 cxd4 16. exd4 Ne8 17. b4 dxc4 18. Nxc4 Bf6 19. Ne3 g6 20. d5 Ne7 21.
dxe6 fxe6 22. Bxf6 Nxf6 23. Rxc8 Qxc8 1/2-1/2

[Event "Surprise-Randbauern"]
[Site "Radebeul"]
[Date "2016.06.27"]
[Round "2.3"]
[White "Wittkugel, Friedhelm"]
[Black "Briesemeister, Klaus"]
[Result "1-0"]
[WhiteElo "1993"]
[BlackElo "1756"]
[Annotator "2.21.3"]
[PlyCount "79"]
[EventDate "2016.06.27"]
[WhiteTeam "Surprise"]
[BlackTeam "Randbauern"]
[WhiteTeamCountry "GER"]
[BlackTeamCountry "GER"]

1. d4 f5 2. e4 fxe4 3. Nc3 Nf6 4. Bg5 g6 5. Bc4 c6 6. Bxf6 exf6 7. d5 Bb4 8.
Nge2 Qe7 9. O-O d6 10. a3 Bxc3 11. Nxc3 Kf8 12. Qd4 Qe5 13. Qxe4 Bf5 14. Qf3
Kg7 15. Rfe1 (15. Rac1 Rc8) 15... Qd4 16. Bb3 Nd7 17. Rad1 Qg4 18. Qxg4 Bxg4
19. f3 Bf5 20. g4 Ne5 21. Kg2 Bc8 22. dxc6 bxc6 23. Rxd6 Ba6 24. Ne4 Rhf8 25.
Nc5 Bc8 26. h3 g5 27. Red1 a5 28. a4 Rb8 29. Kg3 Rb4 30. Nd3 Nc4 31. Rxc6 Ne3
32. Re1 f5 33. Nxb4 f4+ 34. Kf2 axb4 35. Rxe3 fxe3+ 36. Kxe3 Re8+ 37. Kf2 Kh8
38. Rb6 Bd7 39. Rd6 Re7 40. Rd4 1-0

[Event "Randbauern-Surprise"]
[Site "Radebeul"]
[Date "2016.06.27"]
[Round "2.4"]
[White "Geibel, Henning"]
[Black "Perk, Egbert"]
[Result "0-1"]
[WhiteElo "1444"]
[BlackElo "1949"]
[Annotator "2.21.4"]
[PlyCount "22"]
[EventDate "2016.06.27"]
[WhiteTeam "Randbauern"]
[BlackTeam "Surprise"]
[WhiteTeamCountry "GER"]
[BlackTeamCountry "GER"]

1. e4 g6 2. Nf3 Bg7 3. d4 d6 4. Bc4 Nf6 5. Nc3 c6 6. O-O b5 7. Bd3 a6 8. Bf4
O-O 9. Qd2 Re8 10. Bh6 e5 (10... Bh8 11. e5 dxe5 12. dxe5 Nd5 13. Nxd5 cxd5 14.
Qf4 f6 15. Rad1 Nc6 16. exf6 Bxf6 17. c3 e5 18. Qg3 Qe7 19. Bc2 Be6 20. Bg5
Rad8 21. Rfe1 e4 22. Bxf6 Qxf6 23. Nd4 Nxd4 24. cxd4 Rc8 25. Bb3 a5 26. a4 b4
27. Qd6 Qd8 28. Qg3 Bf7 29. h4 Qf6 30. Rd2 Rc6 31. Qg5 Qxg5 32. hxg5 Rec8 33.
Kh2 Kf8 34. Kg3 Kg7 35. f4 Be6 36. Kf2 Kf7 37. Ke3 Rc3+ 38. bxc3 Rxc3+ 39. Ke2
Rxb3 40. Rh1 Bg4+ 41. Kf2 e3+ 42. Kg3 Bh5 43. Rc2 Rd3 44. Rc7+ Ke6 45. Rxh7 e2+
46. Kf2 Rd1 47. Re1 Rxd4 48. Rxh5 Rxf4+ 49. Kg3 Kf5 50. Rxe2 gxh5 51. g6 Rg4+
52. Kf3 Rxg6 53. Rc2 Ke5 54. Rc5 Ra6 55. Ke3 Rg6 56. Kf3 Kd4 57. Rxa5 Rb6 58.
Kf4 b3 59. Rb5 Rxb5 60. axb5 b2) 11. dxe5 dxe5 0-1

[Event "Belgium 2-Tunisia"]
[Site "Radebeul"]
[Date "2016.06.27"]
[Round "2.4"]
[White "De Reymaeker, Walter"]
[Black "Malki, Mounir"]
[Result "1-0"]
[WhiteElo "1889"]
[BlackElo "1757"]
[Annotator "2.23.4"]
[PlyCount "89"]
[EventDate "2016.06.27"]
[WhiteTeam "Belgium 2"]
[BlackTeam "Tunisia"]
[WhiteTeamCountry "BEL"]
[BlackTeamCountry "TUN"]

1. c4 g6 2. Nc3 Bg7 3. g3 Nf6 4. Bg2 c6 5. e4 e5 6. Nge2 d6 7. O-O Bg4 8. d3
Qd7 9. f3 Bh3 10. Be3 Bxg2 11. Kxg2 h5 12. h4 Na6 13. a3 c5 14. Qd2 Nc7 15. b4
Ne6 16. Rfb1 Nd4 17. bxc5 dxc5 18. Nd5 Nxd5 19. cxd5 O-O 20. a4 b6 21. Bxd4
exd4 22. Ng1 Kh7 23. Nh3 Bh6 24. f4 f5 25. Nf2 Rae8 26. Qc2 Qc7 27. e5 Bg7 28.
Nh3 Bh6 29. Qc4 Rd8 30. a5 Qb7 31. axb6 axb6 32. Qxc5 bxc5 33. Rxb7+ Kg8 34. d6
Rf7 35. Raa7 Rxb7 36. Rxb7 Kf8 37. Rc7 Ke8 38. Rxc5 Kd7 39. Rc4 Rb8 40. Rxd4
Rb2+ 41. Kf3 Rb1 42. Nf2 Bf8 43. Rc4 Ke6 44. Rc8 Bxd6 45. Rc6 1-0

[Event "Dresdner Seniorenklub-Ireland"]
[Site "Radebeul"]
[Date "2016.06.27"]
[Round "2.2"]
[White "Ziegenbein, Dieter"]
[Black "Byrne, Ray"]
[Result "1/2-1/2"]
[WhiteElo "1701"]
[BlackElo "1987"]
[Annotator "2.24.2"]
[PlyCount "84"]
[EventDate "2016.06.27"]
[WhiteTeam "Dresdner Seniorenklub"]
[BlackTeam "Ireland"]
[WhiteTeamCountry "GER"]
[BlackTeamCountry "IRL"]

1. e4 e5 2. Nf3 Nc6 3. Bc4 Nf6 4. d3 Be7 5. O-O d6 6. h3 O-O 7. Nc3 Na5 8. Bb3
Nxb3 9. axb3 h6 10. Be3 a6 11. Nd2 d5 12. exd5 Nxd5 13. Nxd5 Qxd5 14. Nf3 Bf5
15. d4 exd4 16. Nxd4 Be4 17. c4 Qd7 18. Nf3 Qf5 19. Nd4 Qg6 20. Qg4 Qxg4 21.
hxg4 Rad8 22. f3 Bg6 23. Nf5 Bf6 24. Rad1 Rfe8 25. Bc1 h5 26. Kf2 hxg4 27. fxg4
Re4 28. Rxd8+ Bxd8 29. Rd1 Bf6 30. Kf3 Bxf5 31. gxf5 Re7 32. g4 Be5 33. b4 f6
34. b3 Kf7 35. Be3 Bd6 36. c5 Be5 37. Rd3 Ke8 38. Bc1 Rd7 39. Ke4 Rxd3 40. Kxd3
Kd7 41. Kc4 Kc6 42. Be3 b5+ 1/2-1/2

[Event "Dresdner Seniorenklub-Ireland"]
[Site "Radebeul"]
[Date "2016.06.27"]
[Round "2.4"]
[White "Neffe, Guenther"]
[Black "O`Leary, Matt"]
[Result "0-1"]
[WhiteElo "1606"]
[BlackElo "1862"]
[Annotator "2.24.4"]
[PlyCount "104"]
[EventDate "2016.06.27"]
[WhiteTeam "Dresdner Seniorenklub"]
[BlackTeam "Ireland"]
[WhiteTeamCountry "GER"]
[BlackTeamCountry "IRL"]

1. Nf3 Nf6 2. c4 c5 3. Nc3 Nc6 4. d3 d6 5. g3 g6 6. Bg2 Bg7 7. h3 O-O 8. Be3 a6
9. Qd2 Re8 10. O-O Rb8 11. Ng5 Bd7 12. Rab1 b5 13. cxb5 axb5 14. b3 Qc8 15. Kh2
h6 16. Nge4 Nxe4 17. Nxe4 f5 18. Nc3 Kh7 19. f4 b4 20. Nd1 Nd4 21. Nb2 Bc6 22.
Bxc6 Qxc6 23. Nc4 Ra8 24. Bxd4 Bxd4 25. e3 Bc3 26. Qe2 Ra7 27. Rbc1 Rea8 28.
Rc2 Qc7 29. Rf2 d5 30. Ne5 Bxe5 31. fxe5 Qxe5 32. d4 cxd4 33. exd4 Qxd4 34. Qd2
Qxd2 35. Rfxd2 e5 36. Rxd5 Rxa2 37. Rdc5 Rxc2+ 38. Rxc2 e4 39. Kg2 Kg7 40. Kf2
Ra3 41. Rb2 Kf6 42. Ke3 Ke5 43. h4 g5 44. hxg5 hxg5 45. Kf2 f4 46. g4 e3+ 47.
Kf3 Kd4 48. Rb1 Ra2 49. Rd1+ Ke5 50. Rf1 Rf2+ 51. Rxf2 exf2 52. Kxf2 Kd4 0-1

[Event "BSV Chemie Radebeul-Saxone"]
[Site "Radebeul"]
[Date "2016.06.27"]
[Round "2.3"]
[White "Unger, Martin"]
[Black "Goerden, Hans-Juergen"]
[Result "1/2-1/2"]
[WhiteElo "1514"]
[BlackElo "1821"]
[Annotator "2.25.3"]
[PlyCount "41"]
[EventDate "2016.06.27"]
[WhiteTeam "BSV Chemie Radebeul"]
[BlackTeam "Saxone"]
[WhiteTeamCountry "GER"]
[BlackTeamCountry "GER"]

1. d4 Nf6 2. Nf3 e6 3. g3 b6 4. Bg2 Bb7 5. O-O Be7 6. Re1 O-O 7. Nc3 d5 8. Bf4
a6 9. Qd3 Nbd7 10. Ne5 c5 11. Nxd7 Qxd7 12. dxc5 bxc5 13. e4 d4 14. Nd1 Rac8
15. b3 Rfd8 16. Nb2 Nh5 17. Bd2 e5 18. Nc4 Qe6 19. Ba5 Re8 20. Nb6 Rc6 21. Nd5
{(=)} 1/2-1/2

[Event "Russia Women-Latvia Women"]
[Site "Radebeul"]
[Date "2016.07.01"]
[Round "?"]
[White "Strutinskaia, Galina"]
[Black "Erneste, Inguna"]
[Result "1-0"]
[WhiteElo "2237"]
[BlackElo "2149"]
[PlyCount "97"]
[EventDate "2016.??.??"]

1. d4 d5 2. c4 e6 3. Nf3 Nf6 4. g3 c6 5. Qc2 Be7 6. Bg2 O-O 7. O-O b6 8. b3 Bb7
9. Nc3 Na6 10. Rd1 Qc8 11. Bf4 Rd8 12. e4 dxe4 13. Ng5 c5 14. Ncxe4 h6 15.
Nxf6+ Bxf6 16. Qh7+ Kf8 17. Ne4 Ke7 18. Be5 cxd4 19. Nxf6 gxf6 20. Bxd4 Bxg2
21. Kxg2 Qc6+ 22. f3 Rh8 23. Qd3 h5 24. Bf2 Nc5 25. Bxc5+ bxc5 26. Qe3 h4 27.
Rd5 Rac8 28. Rad1 Rhg8 29. Kf2 Rh8 30. Kg2 Rhg8 31. R1d2 Rh8 32. a3 Rc7 33.
R2d3 hxg3 34. hxg3 Rhc8 35. Rh5 Qa6 36. Qf4 Qc6 37. Rh7 e5 38. Qd2 Rb8 39. Rd6
Qxd6 40. Rxf7+ Kxf7 41. Qxd6 Rbc8 42. g4 Re7 43. Kg3 Rcc7 44. g5 fxg5 45. Kg4
e4 46. Qd5+ Re6 47. fxe4 Rce7 48. Kxg5 Ke8 49. b4 1-0

[Event "SV Eiche Reichenbrand-Post-SV Ulm"]
[Site "Radebeul"]
[Date "2016.07.01"]
[Round "?"]
[White "Fehlhammer, Michael"]
[Black "Preuss, Heiko"]
[Result "0-1"]
[WhiteElo "2174"]
[BlackElo "2245"]
[PlyCount "118"]
[EventDate "2016.??.??"]

1. e4 c5 2. c3 d5 3. exd5 Qxd5 4. d4 Nc6 5. Nf3 Bg4 6. dxc5 Qxc5 7. Be3 Qa5 8.
Nbd2 Nf6 9. Qb3 Qc7 10. Bb5 Bd7 11. O-O e6 12. Qc2 Nd5 13. Bxc6 Bxc6 14. Bd4
O-O-O 15. Ne4 f6 16. c4 Nb4 17. Qe2 e5 18. Bc3 Nd3 19. Rfd1 Nf4 20. Qe3 b6 21.
b4 Be7 22. Ng3 Rxd1+ 23. Rxd1 Rd8 24. Rxd8+ Qxd8 25. Nf5 Bf8 26. h3 Qd1+ 27.
Kh2 Qf1 28. N5h4 Qxc4 29. Bxe5 fxe5 30. Nxe5 Qe4 31. Nxc6 Qxc6 32. b5 Qe6 33.
Qf3 Bd6 34. g3 Nd5 35. Nf5 Qe5 36. Nxg7 Nc7 37. Nf5 Nxb5 38. Qd3 Bc7 39. a4 Nc3
40. Nd4 Ne4 41. Nc6 Qe6 42. Nxa7+ Kb7 43. Qc2 Ng5 44. Qc3 Qxh3+ 45. Kg1 Qd7 46.
Nb5 Bb8 47. Qf6 Qd5 48. Nc3 Qe5 49. Qf8 Bd6 50. Qd8 Qe7 51. Qg8 Bc5 52. Kg2 Qe5
53. f4 Qxc3 54. Qd5+ Kc7 55. Qxg5 Qc2+ 56. Kh3 Qxa4 57. f5 Qd7 58. Kh4 Be7 59.
f6 Qd4+ 0-1

[Event "Obuchiw-SV Dresden-Striesen 1990 e.V."]
[Site "Radebeul"]
[Date "2016.07.01"]
[Round "?"]
[White "Semenov, Valeri"]
[Black "Glasewald, Stefan"]
[Result "1-0"]
[WhiteElo "2279"]
[BlackElo "2045"]
[PlyCount "87"]
[EventDate "2016.??.??"]

1. c4 Nf6 2. b3 e5 3. Bb2 Nc6 4. d3 d5 5. cxd5 Bb4+ 6. Nd2 Nxd5 7. Ngf3 Qe7 8.
a3 Bc3 9. Bxc3 Nxc3 10. Qc2 Nd5 11. e3 O-O 12. Be2 Bg4 13. O-O Nf6 14. Rfc1
Rac8 15. b4 a6 16. Qc5 Nd7 17. Qxe7 Nxe7 18. h3 Bh5 19. Nc4 f6 20. Nfxe5 Nxe5
21. Bxh5 Nxd3 22. Rc3 Ne5 23. Nxe5 fxe5 24. Bg4 Nf5 25. e4 Nd4 26. Bxc8 Ne2+
27. Kf1 Nxc3 28. Bxb7 Rb8 29. Rc1 Rxb7 30. Rxc3 a5 31. bxa5 Rb5 32. Rxc7 Rxa5
33. Rc3 Kf7 34. Ke2 Rb5 35. h4 h6 36. Ke3 g5 37. hxg5 hxg5 38. a4 Rb1 39. Ra3
g4 40. a5 Re1+ 41. Kd3 Rd1+ 42. Ke2 Rd7 43. a6 Ra7 44. Kd3 1-0

[Event "Slovakia-Dettmann"]
[Site "Radebeul"]
[Date "2016.07.01"]
[Round "?"]
[White "Franzen, Jozef"]
[Black "Dettmann, Uwe"]
[Result "1-0"]
[WhiteElo "2280"]
[BlackElo "1909"]
[PlyCount "87"]
[EventDate "2016.??.??"]

1. Nf3 g6 2. g3 Bg7 3. Bg2 d6 4. d4 Nf6 5. c4 O-O 6. Nc3 Nbd7 7. O-O c6 8. e4
e5 9. h3 Qe7 10. Re1 b6 11. d5 c5 12. a3 Ne8 13. Bd2 Nc7 14. Qc2 Nf6 15. b4 Bd7
16. Rab1 Rfb8 17. bxc5 bxc5 18. Rb3 Qd8 19. Reb1 Nfe8 20. Qb2 Rxb3 21. Qxb3 Qc8
22. Kh2 Na6 23. Qb7 Qxb7 24. Rxb7 Bc8 25. Rb1 Rb8 26. Rxb8 Nxb8 27. Nb5 a6 28.
Na7 Bd7 29. Ba5 Bh6 30. Nd2 Ba4 31. h4 Kf8 32. Nc8 Bc2 33. f3 Bd3 34. Nb6 Ke7
35. Bh3 f5 36. exf5 Bxf5 37. Ne4 Bxh3 38. Kxh3 Bc1 39. a4 Be3 40. h5 g5 41. Kg4
h6 42. Kf5 Bc1 43. Kg6 Be3 44. g4 1-0

[Event "Sweden-Mongolia Women"]
[Site "Radebeul"]
[Date "2016.07.01"]
[Round "?"]
[White "Holst, Conny"]
[Black "Battsengel Shirchin"]
[Result "1-0"]
[WhiteElo "2148"]
[BlackElo "1956"]
[PlyCount "55"]
[EventDate "2016.??.??"]

1. d4 Nf6 2. c4 e6 3. Nc3 Bb4 4. e3 c5 5. Bd3 Nc6 6. Nge2 O-O 7. O-O d5 8. cxd5
exd5 9. a3 Bxc3 10. bxc3 c4 11. Bc2 b5 12. f3 Re8 13. Ng3 a5 14. e4 Qb6 15. Kh1
dxe4 16. fxe4 Bg4 17. Qd2 Nh5 18. Nf5 Bxf5 19. Rxf5 g6 20. Rxh5 gxh5 21. Qg5+
Kf8 22. Qh6+ Kg8 23. e5 f5 24. Bxf5 Ra7 25. Be6+ Rxe6 26. Qxe6+ Rf7 27. Bh6 Qc7
28. Qe8+ 1-0

[Event "Schachfreunde Zeitz-Deutsche Schach-Loe"]
[Site "Radebeul"]
[Date "2016.07.01"]
[Round "?"]
[White "Reimann, Hubert"]
[Black "Carsten, Juergen"]
[Result "1-0"]
[WhiteElo "1956"]
[BlackElo "1789"]
[PlyCount "118"]
[EventDate "2016.??.??"]

1. d4 d5 2. Nf3 Nd7 3. e3 e6 4. c4 c6 5. Nc3 Ngf6 6. Qc2 g6 7. b3 b6 8. Bd3 Bb7
9. O-O Bg7 10. Ba3 c5 11. cxd5 Nxd5 12. Nb5 O-O 13. Nd6 Bc6 14. Rac1 Nb4 15.
Bxb4 Bxf3 16. dxc5 Qg5 17. g3 Qg4 18. Be4 Ne5 19. Bxf3 Nxf3+ 20. Kg2 Nxh2 21.
Kxh2 Qxb4 22. Rfd1 bxc5 23. Qxc5 Qxc5 24. Rxc5 Rad8 25. Rcc1 h5 26. Nc4 g5 27.
Na5 Be5 28. Rxd8 Rxd8 29. Nc6 Rd5 30. Ne7+ Kg7 31. Nxd5 exd5 32. Rd1 d4 33.
exd4 Bd6 34. Kg2 a5 35. Rc1 Kf6 36. Rc6 Ke7 37. Ra6 Bb4 38. Rh6 f6 39. Kf3 Bc3
40. Ke4 Ke6 41. Rxh5 Be1 42. d5+ Kd6 43. Rh6 Bc3 44. g4 Kc5 45. Rh1 Be5 46.
Rc1+ Kd6 47. Rc6+ Kd7 48. Kf5 Bd4 49. f3 Ke7 50. Re6+ Kd7 51. Rxf6 Be3 52. Rg6
Bd2 53. Rxg5 Bxg5 54. Kxg5 Kd6 55. Kf6 Kxd5 56. g5 Kc5 57. g6 Kb4 58. g7 Ka3
59. g8=Q Kxa2 1-0

[Event "Deutsche Schach-Loewen-Schachfreunde Ze"]
[Site "Radebeul"]
[Date "2016.07.01"]
[Round "?"]
[White "Schwieger, Wolfgang"]
[Black "Wilke, Frank"]
[Result "1-0"]
[WhiteElo "1825"]
[BlackElo "1920"]
[PlyCount "65"]
[EventDate "2016.??.??"]

1. d4 e6 2. Nf3 d5 3. c4 c6 4. e3 g6 5. Nbd2 Bg7 6. Be2 Ne7 7. O-O O-O 8. b3
Re8 9. Bb2 Nd7 10. Qc2 f6 11. Rfe1 Nf8 12. Rad1 Bd7 13. b4 Qc7 14. Qb3 Rac8 15.
Rc1 Qb8 16. a3 Kh8 17. e4 e5 18. cxd5 cxd5 19. exd5 Bh6 20. dxe5 Bxd2 21. Nxd2
Rxc1 22. Rxc1 fxe5 23. f4 Nf5 24. Nf3 Nd4 25. Nxd4 exd4 26. Bxd4+ Kg8 27. Qf3
Rxe2 28. Qxe2 Qxf4 29. Qe3 Qd6 30. Qe5 Qxe5 31. Bxe5 Ba4 32. Rc7 Nd7 33. Bd4
1-0

[Event "SV Horst-Emscher-SK Norderstedt von 197"]
[Site "Radebeul"]
[Date "2016.07.01"]
[Round "?"]
[White "Tobczewski, Peter"]
[Black "Voitel, Dietrich"]
[Result "1-0"]
[WhiteElo "2012"]
[BlackElo "1559"]
[PlyCount "67"]
[EventDate "2016.??.??"]

1. e4 e6 2. d4 b6 3. Nf3 Be7 4. Bd3 Ba6 5. O-O h6 6. d5 Bxd3 7. Qxd3 c6 8. Nc3
Bg5 9. dxe6 fxe6 10. e5 Bxc1 11. Qg6+ Kf8 12. Raxc1 Ne7 13. Qe4 Na6 14. Rcd1
Nc5 15. Qg4 g6 16. Nd4 h5 17. Qe2 Nd5 18. Ne4 Nf4 19. Qf3 Qh4 20. Nxc5 Kg7 21.
Nxd7 Rhf8 22. Nf6 c5 23. Qxf4 g5 24. Qxh4 gxh4 25. Nxe6+ Kf7 26. Nxf8 Rxf8 27.
Rd7+ Ke6 28. f4 h3 29. Rd6+ Kf5 30. Nxh5 hxg2 31. Kxg2 Rg8+ 32. Kf3 Rg6 33.
Ng3+ Rxg3+ 34. hxg3 1-0

[Event "TSG Markkleeberg von 1903-Finland"]
[Site "Radebeul"]
[Date "2016.07.01"]
[Round "?"]
[White "Fuchs, Joachim"]
[Black "Karppinen, Martti"]
[Result "1-0"]
[WhiteElo "1819"]
[BlackElo "1916"]
[PlyCount "91"]
[EventDate "2016.??.??"]

1. d4 d5 2. c4 c6 3. cxd5 cxd5 4. Nc3 Nf6 5. Bf4 Qb6 6. Qd2 Nc6 7. e3 Bf5 8. a3
e6 9. Na4 Qb3 10. Nc3 Be7 11. Be2 Ne4 12. Nxe4 Bxe4 13. Nf3 Bxf3 14. gxf3 g5
15. Bc7 Rc8 16. Bd1 Qb5 17. Be2 Qa4 18. Bd1 Qa6 19. Be2 b5 20. Bg3 Bb4 21. axb4
Qxa1+ 22. Bd1 Ke7 23. e4 h6 24. exd5 exd5 25. O-O Kf8 26. Bb3 Qa6 27. Bxd5 Rd8
28. Bxc6 Qxc6 29. Qc3 Qxc3 30. bxc3 f5 31. Be5 Rh7 32. Ra1 Rb7 33. Ra6 Rc8 34.
Rxh6 Rbc7 35. Rh8+ Ke7 36. Rh7+ Kd8 37. Bxc7+ Rxc7 38. Rxc7 Kxc7 39. Kg2 Kd6
40. Kg3 Kc6 41. h4 gxh4+ 42. Kxh4 Kd6 43. Kg5 Ke6 44. f4 Kd5 45. Kxf5 Kc4 46.
Ke6 1-0

[Event "TuS Coswig 1920-Blue Wonder"]
[Site "Radebeul"]
[Date "2016.07.01"]
[Round "?"]
[White "Poenisch, Wolfram"]
[Black "Goepfert, Jochen"]
[Result "1/2-1/2"]
[WhiteElo "1877"]
[BlackElo "1987"]
[PlyCount "27"]
[EventDate "2016.??.??"]

1. d4 f5 2. c4 Nf6 3. Nc3 e6 4. Bg5 Be7 5. e3 b6 6. Nf3 Bb7 7. Be2 O-O 8. O-O
Ng4 9. Bxe7 Qxe7 10. h3 Nf6 11. Nd2 d6 12. Bf3 Bxf3 13. Qxf3 Nbd7 14. Qc6
1/2-1/2

[Event "Blue Wonder-TuS Coswig 1920"]
[Site "Radebeul"]
[Date "2016.07.01"]
[Round "?"]
[White "Reinhardt, Joachim"]
[Black "Flemmer, Wolfgang"]
[Result "1/2-1/2"]
[WhiteElo "1876"]
[BlackElo "1984"]
[PlyCount "82"]
[EventDate "2016.??.??"]

1. d4 d5 2. Nf3 Nf6 3. c4 e6 4. Nc3 Nbd7 5. Bg5 Be7 6. e3 h6 7. Bh4 O-O 8. Bd3
dxc4 9. Bxc4 c6 10. O-O Nd5 11. Bxe7 Qxe7 12. Bb3 Nxc3 13. bxc3 b6 14. Qd3 Bb7
15. e4 Rfd8 16. Rad1 Rac8 17. c4 Nc5 18. Qc3 Nxb3 19. axb3 a5 20. Rd2 c5 21.
Rfd1 cxd4 22. Rxd4 f6 23. Qd3 Rxd4 24. Qxd4 Qc7 25. Ne1 Re8 26. f3 Re7 27. Nc2
Kf7 28. Kf2 Ke8 29. Qd6 Bc8 30. Qxc7 Rxc7 31. Rd6 b5 32. Na3 bxc4 33. bxc4 Ke7
34. Rb6 Rc5 35. Ke3 e5 36. Kd3 Kd7 37. Kc3 Kc7 38. Rb2 Bd7 39. h4 h5 40. g3 g6
41. Rd2 Bc6 1/2-1/2

[Event "SV Bannewitz-SG Gera/ Meuselwitz"]
[Site "Radebeul"]
[Date "2016.07.01"]
[Round "?"]
[White "Peglau, Markus"]
[Black "Hilbert, Stephan-Joerg"]
[Result "1/2-1/2"]
[WhiteElo "1777"]
[BlackElo "1839"]
[PlyCount "79"]
[EventDate "2016.??.??"]

1. c4 b6 2. Nf3 Nf6 3. Nc3 e6 4. g3 Bb7 5. Bg2 c5 6. O-O a6 7. d4 Be7 8. Re1
O-O 9. e4 cxd4 10. Nxd4 Qc8 11. Qb3 Bc5 12. Qd1 d6 13. a3 Nbd7 14. b4 Bxd4 15.
Qxd4 Qc7 16. Bb2 Ne5 17. c5 dxc5 18. bxc5 Rfd8 19. cxb6 Qb8 20. Nd5 $1 exd5 21.
Qxe5 dxe4 22. Qxb8 Raxb8 23. Bxf6 gxf6 24. Bxe4 Bxe4 25. Rxe4 Rxb6 26. Rb4 Re6
27. Rab1 Rd5 28. Kg2 Ra5 29. R4b3 Re2 30. Rf3 Kg7 31. Rb6 f5 32. Rb7 h5 33. Rc3
Kf6 34. Rc6+ Re6 35. Rc3 Ra4 36. Rb4 Re4 37. Rxa4 Rxa4 38. Re3 f4 39. Rc3 fxg3
40. hxg3 1/2-1/2

[Event "SG Gera/ Meuselwitz-SV Bannewitz"]
[Site "Radebeul"]
[Date "2016.07.01"]
[Round "?"]
[White "Kohl, Anke"]
[Black "Koehn, Walter"]
[Result "1/2-1/2"]
[WhiteElo "1511"]
[BlackElo "1785"]
[PlyCount "40"]
[EventDate "2016.??.??"]

1. c4 Nf6 2. d4 e6 3. Nc3 Bb4 4. Bd2 d5 5. e3 O-O 6. g3 c5 7. dxc5 Bxc5 8. cxd5
Nxd5 9. Bg2 Nxc3 10. Bxc3 Qc7 11. Ne2 Bd7 12. O-O Bc6 13. Qb3 Bxg2 14. Kxg2 Nc6
15. Rad1 Rad8 16. Rd2 Rxd2 17. Bxd2 Rd8 18. Rd1 Ne5 19. Bc3 Qc6+ 20. Kh3 Rxd1
1/2-1/2

[Event "Schachfreunde Leipzig-Sankt-Petersburg"]
[Site "Radebeul"]
[Date "2016.07.01"]
[Round "?"]
[White "Schubert, Thomas"]
[Black "Mishuchkov, Nikolai M"]
[Result "1-0"]
[WhiteElo "2362"]
[BlackElo "2306"]
[PlyCount "77"]
[EventDate "2016.??.??"]

1. d4 Nf6 2. Nf3 d5 3. c4 e6 4. Nc3 Bb4 5. cxd5 exd5 6. Bg5 h6 7. Bxf6 Qxf6 8.
Qa4+ Nc6 9. e3 O-O 10. Be2 Be6 11. O-O a6 12. Qb3 Rfd8 13. Rac1 Bd6 14. Ne1 Ne7
15. Nd3 Rab8 16. Qc2 Nf5 17. Qd2 c6 18. f4 Bf8 19. Ne5 Nd6 20. Bd3 Bf5 21. g4
Bxd3 22. Qxd3 Qh4 23. Qe2 f5 24. Qg2 fxg4 25. Nxg4 Nf5 26. Rf3 Bd6 27. Rh3 Qe7
28. Kh1 Rd7 29. Rg1 Qe6 30. Rh5 Rf8 31. Qh3 Kh7 32. Ne5 Bxe5 33. fxe5 Rdf7 34.
Ne2 Qc8 35. Qg4 g5 36. Qxg5 Rg7 37. Rxh6+ Kg8 38. Rg6 Rff7 39. e6 1-0

[Event "Sportfreunde Katernberg-Norway 1"]
[Site "Radebeul"]
[Date "2016.07.01"]
[Round "?"]
[White "Krueger, Erich"]
[Black "Ulrichsen, Jarl H"]
[Result "1-0"]
[WhiteElo "2198"]
[BlackElo "2187"]
[PlyCount "73"]
[EventDate "2016.??.??"]

1. d4 Nf6 2. c4 e6 3. Nc3 Bb4 4. Nf3 b6 5. Bg5 Bb7 6. Nd2 h6 7. Bh4 Be7 8. e4
d6 9. d5 e5 10. Bg3 Nbd7 11. Bd3 O-O 12. O-O Nh7 13. b4 Bg5 14. Nb3 g6 15. Qe2
Bf4 16. f3 h5 17. Bf2 f5 18. g3 Bh6 19. c5 Bc8 20. cxd6 cxd6 21. exf5 gxf5 22.
f4 e4 23. Bb5 Ndf6 24. Nd4 a6 25. Ba4 Ng4 26. Nc6 Qc7 27. Bd4 Bg7 28. Rac1
Bxd4+ 29. Nxd4 b5 30. Bb3 h4 31. Ne6 Qa7+ 32. Kh1 Rf6 33. Nxe4 Rh6 34. Rc7 hxg3
35. Rxa7 Rxa7 36. Nxg3 Nxh2 (36... Rxh2+ 37. Qxh2 Nxh2 38. Kxh2) 37. Qxh2 1-0

[Event "Randbauern-SV Dresden-Striesen 1990 e.V"]
[Site "Radebeul"]
[Date "2016.07.01"]
[Round "?"]
[White "Briesemeister, Klaus"]
[Black "Niese, Dieter"]
[Result "1/2-1/2"]
[WhiteElo "1756"]
[BlackElo "1811"]
[PlyCount "64"]
[EventDate "2016.??.??"]

1. d4 Nf6 2. c4 e6 3. Nc3 d5 4. Nf3 Be7 5. Bg5 O-O 6. e3 b6 7. Be2 Bb7 8. O-O
Nbd7 9. b3 Rc8 10. a3 c5 11. Qb1 a6 12. Ne5 Nxe5 13. dxe5 Nd7 14. Bxe7 Qxe7 15.
f4 f6 16. Bf3 fxe5 17. cxd5 exd5 18. Nxd5 Bxd5 19. Bxd5+ Kh8 20. f5 Nf6 21. Be6
Rcd8 22. e4 Rd4 23. Re1 Nh5 24. g3 Qg5 25. Ra2 Rfd8 26. Rg2 Rd2 27. Rxd2 Rxd2
28. Rd1 Nxg3 29. Rxd2 Nxe4+ 30. Rg2 Qe3+ 31. Kh1 Nf2+ 32. Rxf2 Qxf2 1/2-1/2

[Event "Surprise-Tunisia"]
[Site "Radebeul"]
[Date "2016.07.01"]
[Round "?"]
[White "Perk, Egbert"]
[Black "Malki, Mounir"]
[Result "1-0"]
[WhiteElo "1949"]
[BlackElo "1757"]
[PlyCount "65"]
[EventDate "2016.??.??"]

1. Nf3 g6 2. c4 Bg7 3. d4 d6 4. g3 Bg4 5. Bg2 Nd7 6. h3 Bxf3 7. Bxf3 c5 8. e3
Rb8 9. O-O Ngf6 10. Nc3 O-O 11. b3 a6 12. Qd3 e5 13. Rd1 Re8 14. dxc5 e4 15.
Qxd6 exf3 16. Ba3 Re6 17. Qd2 Qa5 18. Bb2 Qxc5 19. Na4 Qh5 20. h4 g5 21. Qd4
Re4 22. Qd6 Bf8 23. Qc7 Rxh4 24. gxh4 Qxh4 25. Qg3 Qh5 26. Bxf6 Nxf6 27. Rd4
Re8 28. Rad1 Be7 29. Nc3 g4 30. Nd5 Nxd5 31. Rxg4+ Kh8 32. Rxd5 f5 33. Qe5+ 1-0